000 00992nas a2200301 4500
001 BR9511848
003 BR-BrBNA
005 20231205095620.0
007 ta
008 230509b bl.|||p| |||| 00| 00por d
040 _aBR-BrBNA
_bpor
_cBiblioteca Nacional de Agricultura
041 _a(Pt)
072 _aF62
100 1 _aBezerra, J.E.F.
100 1 _aLederman, I.E.
100 1 _aPimentel, E.F.
100 1 _aAschoff, M.N.A.
100 1 _aSousa, A.A. de M.
111 1 _a12. Congresso Brasileiro de Fruticultura
_cPorto Alegre, RS (Brazil)
_d17-22 Jan 1993
245 1 _aInfluencia do peso da semente e da profundidade de plantio no vigor e desenvolvimento das mudas de sapoti (Manilkara sapota L.)
650 _aSapoti
650 _aMuda
650 _aSemente
650 _aGerminacao
773 0 _tRevista Brasileira de Fruticultura (Brazil)
_xISSN 0100-2945
_g(1992), v. 14(1) p. 191-195
_wBR9511848
909 _a202311
_bLúcia
_c55
_dLúcia Elande
942 _2AGRIS
_n0
_cANA
999 _c151708
_d151708